LEADER 02372nam 2200517 a 450 001 9910778343303321 005 20230721032001.0 010 $a0-8166-5416-6 035 $a(CKB)1000000000482429 035 $a(EBL)328381 035 $a(OCoLC)476125700 035 $a(SSID)ssj0000149625 035 $a(PQKBManifestationID)11910532 035 $a(PQKBTitleCode)TC0000149625 035 $a(PQKBWorkID)10236385 035 $a(PQKB)10303098 035 $a(MiAaPQ)EBC328381 035 $a(OCoLC)191805930 035 $a(MdBmJHUP)muse39095 035 $a(Au-PeEL)EBL328381 035 $a(CaPaEBR)ebr10212619 035 $a(CaONFJC)MIL525772 035 $a(EXLCZ)991000000000482429 100 $a20070608d2007 uy 0 101 0 $aeng 135 $aurcnu---unuuu 181 $ctxt 182 $cc 183 $acr 200 10$aEstablishing justice in Middle America$b[electronic resource] $ea history of the United States Court of Appeals for the Eighth Circuit /$fJeffrey Brandon Morris 210 $aMinneapolis $cUniversity of Minnesota Press$dc2007 215 $a1 online resource (472 p.) 300 $a"Published for the Historical Society of the United States Courts in the Eighth Circuit." 311 $a0-8166-4816-6 320 $aIncludes bibliographical references and index. 327 $a"An empire in itself": the eighth circuit before 1891 -- The early years, 1891-1929 -- The Sanborn Court, 1919-1959 -- The era of the Warren Court, 1956-1969 -- A moderately liberal court of the 1970's -- "Debate, differences, and a robust exchange of ideas": the eighth circuit during the 1980's -- Leaving the old century and entering the new. 330 $aHeadquartered in St. Louis and serving primarily Midwestern states, the Eighth Circuit Court has ruled on cases that touch some of the most significant issues in American history, including Native American rights, school segregation, and abortion. Jeffrey Brandon Morris covers this courts history, revealing how, in many ways, the history of a regional court is a history of the nation itself. 676 $a347.73/2409 700 $aMorris$b Jeffrey Brandon$f1941-$01557777 801 0$bMiAaPQ 801 1$bMiAaPQ 801 2$bMiAaPQ 906 $aBOOK 912 $a9910778343303321 996 $aEstablishing justice in Middle America$93821654 997 $aUNINA LEADER 01489nam0 22003251i 450 001 UON00017183 005 20231205102000.882 100 $a20020107d1961 |0itac50 ba 101 $aeng 102 $aGB 105 $a|||| 1|||| 200 1 $aˆAl-‰Kitab al-Aqdas or the Most Holy Book$fby Mirza Husayn 'Ali Baha'u'llah$gtranslated from the Original Arabic and Edited by Earl E. Elder and William McE. Miller 210 $aLondon$cThe Royal Asiatic Society$d1961 74 p. ; 22 cm 311 $aNew Series$9UON00018016 410 0$1001UON00018016$12001 $aOriental Translation Fund$1210 $aLondon$cThe Royal Asiatic Society$d1828-$v38 New Series 606 $aBAHAISMO$3UONC002815$2FI 620 $aGB$dLondon$3UONL003044 686 $aIRA VII C$cIRAN - FILOSOFIA E RELIGIONE - BABISMO E BAHA'ISMO$2A 700 1$aBAHAULLAH$bMirza Husayn Ali$3UONV012896$0641069 702 1$aELDER$bEarl E.$3UONV012897 702 1$aMILLER McElwee$bWilliam$3UONV012898 712 $aRoyal Asiatic Society$3UONV248069$4650 801 $aIT$bSOL$c20240220$gRICA 899 $aSIBA - SISTEMA BIBLIOTECARIO DI ATENEO$2UONSI 912 $aUON00017183 950 $aSIBA - SISTEMA BIBLIOTECARIO DI ATENEO$dSI IRA VII C 005 $eSI SA 57511 7 005 966 $aBABISMO$zBAHAISMO$3UONC006185 966 $aRELIGIONI IRANICHE$yBAHAISMO$3UONC005635 996 $aKitab al-Aqdas or the Most Holy Book$91195127 997 $aUNIOR